000
00307nam a22001097a 4500
008
160510b xxu||||| |||| 00| 0 eng d
020
_a
0683033743
041
_a
eng
080
_a
61
245
_a
THe sexual experience:
_c
Benjamin J.Sadock M.D.; Harold I. Kaplan M.D.; Alfred M.Freedman M. D.
942
_2
udc
_c
BK
999
_c
1997
_d
1997